Movimientos juveniles contractuales /

Збережено в:
Бібліографічні деталі
Автор: Maldraux, André
Формат: Текст
Теги: Додати тег
Немає тегів, Будьте першим, хто поставить тег для цього запису!

MARC

LEADER 00000 a a2200000 04500
001 48889
003
040
100 |a Maldraux, André  
245 |a Movimientos juveniles contractuales /  |c André Maldraux  
773 |g páginas 5-13  
999 |c 35928  |d 35928